[Event "FRA-ch op"]
[Site "Nimes"]
[Date "2014.08.21"]
[Round "3"]
[White "Pietrasanta, Jeremy"]
[Black "Muller, Anthony"]
[Result "1-0"]
[WhiteElo "2175"]
[BlackElo "2132"]
[PlyCount "79"]
[EventDate "2014.08.17"]
[EventType "swiss"]
[EventRounds "11"]
[EventCountry "FRA"]
[SourceTitle "EXT 2015"]
[Source "ChessBase"]
[SourceDate "2014.11.20"]
[SourceVersion "1"]
[SourceVersionDate "2014.11.20"]
[SourceQuality "1"]

1. e4 e6 2. d3 d5 3. Nd2 Nf6 4. Ngf3 c5 5. g3 Nc6 6. Bg2 Be7 7. 0-0 0-0 8. Re1 b5 9. exd5 exd5 10. d4 c4 11. Ne5 Bb7 12. c3 b4 13. Nxc6 Bxc6 14. Nxc4 Rc8 15. Ne5 bxc3 16. bxc3 Ba8 17. c4 dxc4 18. Bxa8 Bb4 19. Nc6 Qb6 20. Nxb4 Rxa8 21. Nc2 Rfe8 22. Ne3 Qa5 23. a4 Rad8 24. Ba3 c3 25. Qd3 Ne4 26. d5 Nd2 27. Nc2 Rxe1+ 28. Rxe1 g5 29. d6 g4 30. Re3 Nf3+ 31. Rxf3 gxf3 32. Qxf3 Qe5 33. Bb4 a5 34. Bxc3 Qxd6 35. Ne3 Kf8 36. Bxa5 Rc8 37. Qe4 Qa6 38. Bb4+ Kg8 39. Qg4+ Kh8 40. Bc3+ 1-0

[Event "Loire-ch Top20 1314"]
[Site "Loire"]
[Date "2014.04.12"]
[Round "8"]
[White "Tchalimian, Pascal"]
[Black "Muller, Anthony"]
[Result "0-1"]
[WhiteElo "1926"]
[BlackElo "2130"]
[PlyCount "96"]
[EventDate "2014.09.21"]
[EventType "swiss"]
[EventRounds "9"]
[EventCountry "FRA"]
[SourceTitle "EXT 2015"]
[Source "ChessBase"]
[SourceDate "2014.11.20"]
[SourceVersion "1"]
[SourceVersionDate "2014.11.20"]
[SourceQuality "1"]

1. e4 e6 2. d4 d5 3. Nc3 Nf6 4. Bg5 Bb4 5. e5 h6 6. exf6 hxg5 7. fxg7 Rg8 8. Nf3 Qf6 9. a3 Bd6 10. Nb5 Nc6 11. Nxd6+ cxd6 12. h3 Bd7 13. Qd2 Qxg7 14. 0-0-0 a6 15. Be2 Ne7 16. Qa5 b5 17. Qc7 Nc8 18. Rhe1 Ke7 19. Kb1 Na7 20. Qa5 Nc6 21. Qd2 Rab8 22. Bf1 a5 23. Re3 b4 24. a4 Kd8 25. Bb5 Ne7 26. Bxd7 Kxd7 27. Qd3 Rgc8 28. Qa6 Qg6 29. Red3 Nc6 30. R3d2 b3 31. Qd3 Qxd3 32. cxd3 Rb4 33. Rc1 Nxd4 34. Nxd4 Rxc1+ 35. Kxc1 Rxd4 36. Rd1 Rxa4 37. Kd2 d4 38. Ke2 Ra2 39. Rb1 e5 40. g3 a4 41. Kf3 f5 42. Kg2 e4 43. Kf1 Ke6 44. Ke1 g4 45. h4 Ke5 46. Kf1 e3 47. f4+ gxf3 48. Ke1 a3 0-1

[Event "FRA-ch U20"]
[Site "Saint Paul Trois Chateaux"]
[Date "2013.05.05"]
[Round "9"]
[White "Ollier, Milan"]
[Black "Muller, Anthony"]
[Result "1/2-1/2"]
[WhiteElo "2155"]
[BlackElo "2060"]
[PlyCount "149"]
[EventDate "2013.04.28"]
[EventType "swiss"]
[EventRounds "9"]
[EventCountry "FRA"]
[SourceTitle "CBM 154 Extra"]
[Source "ChessBase"]
[SourceDate "2013.06.25"]
[SourceVersion "2"]
[SourceVersionDate "2013.06.25"]
[SourceQuality "1"]

1. e4 e6 2. d4 d5 3. e5 c5 4. c3 Qb6 5. Nf3 Nc6 6. Bd3 cxd4 7. cxd4 Bd7 8. 0-0 Nxd4 9. Nxd4 Qxd4 10. Nc3 a6 11. Qf3 Ne7 12. Rd1 Qxe5 13. Bf4 Qf6 14. Re1 Bc6 15. Rad1 Rd8 16. Qg3 Nf5 17. Qg4 h5 18. Qxf5 Qxf5 19. Bxf5 d4 20. Nb1 Bb4 21. Bd2 Bc5 22. Be4 Bxe4 23. Rxe4 Rd5 24. h4 Kd7 25. Bf4 f6 26. Nd2 e5 27. Bg3 Rc8 28. f4 Bd6 29. fxe5 Bxe5 30. Bxe5 fxe5 31. Nf3 Kd6 32. Rd2 a5 33. Kf2 b5 34. Rde2 Rcc5 35. Ne1 d3 36. Rd2 Rc4 37. Ke3 Rxe4+ 38. Kxe4 Rd4+ 39. Ke3 Rxh4 40. Nxd3 Ke6 41. Rc2 Rg4 42. Ne1 Kd5 43. Rd2+ Ke6 44. Rd8 Ra4 45. a3 b4 46. Nd3 Ke7 47. Rd5 bxa3 48. Rxe5+ Kf6 49. bxa3 g5 50. Rd5 Rxa3 51. Kf2 Ra2+ 52. Kg1 Rd2 53. Kh2 a4 54. Ra5 Rxd3 55. Rxa4 Re3 56. Ra5 Re5 57. Ra8 h4 58. Ra6+ Kf5 59. Ra4 g4 60. Ra2 Re1 61. Ra5+ Re5 62. Ra2 Kf4 63. Rf2+ Ke3 64. Ra2 Rd5 65. Ra3+ Rd3 66. Ra4 g3+ 67. Kh3 Kf2 68. Rf4+ Kg1 69. Rxh4 Rd2 70. Ra4 Rd3 71. Rg4 Kf2 72. Rf4+ Kg1 73. Rg4 Kf2 74. Rf4+ Kg1 75. Rg4 1/2-1/2

[Event "FRA-ch U20"]
[Site "Saint Paul Trois Chateaux"]
[Date "2013.05.02"]
[Round "6"]
[White "Muller, Anthony"]
[Black "Velten, Paul"]
[Result "0-1"]
[WhiteElo "2060"]
[BlackElo "2375"]
[PlyCount "78"]
[EventDate "2013.04.28"]
[EventType "swiss"]
[EventRounds "9"]
[EventCountry "FRA"]
[SourceTitle "CBM 154 Extra"]
[Source "ChessBase"]
[SourceDate "2013.06.25"]
[SourceVersion "2"]
[SourceVersionDate "2013.06.25"]
[SourceQuality "1"]

1. d4 Nf6 2. c4 e6 3. Nc3 Bb4 4. Qc2 d5 5. Nf3 c5 6. e3 Nc6 7. dxc5 Bxc5 8. a3 0-0 9. b4 Bd6 10. Bb2 a5 11. b5 Nb8 12. Na4 Nbd7 13. c5 Bb8 14. Bd3 Re8 15. 0-0 e5 16. e4 dxe4 17. Bxe4 Nxe4 18. Qxe4 Nf6 19. Qe3 Bf5 20. Qg5 Bg6 21. Nb6 h6 22. Qh4 Ra7 23. Rfe1 Qd3 24. a4 Be4 25. Re3 Qc2 26. Ba3 Bxf3 27. Rxf3 e4 28. Re3 Rd8 29. g3 Bc7 30. Qh3 Bxb6 31. cxb6 Raa8 32. Be7 Nd5 33. Bxd8 Nxe3 34. Qd7 Nc4 35. Re1 e3 36. fxe3 Qe4 37. Bc7 Re8 38. Qd1 Nb2 39. Qc1 Nd3 0-1

[Event "FRA-ch U20"]
[Site "Saint Paul Trois Chateaux"]
[Date "2013.04.29"]
[Round "3"]
[White "Muller, Anthony"]
[Black "Eden, James"]
[Result "0-1"]
[WhiteElo "2060"]
[BlackElo "2197"]
[PlyCount "38"]
[EventDate "2013.04.28"]
[EventType "swiss"]
[EventRounds "9"]
[EventCountry "FRA"]
[SourceTitle "CBM 154 Extra"]
[Source "ChessBase"]
[SourceDate "2013.06.25"]
[SourceVersion "2"]
[SourceVersionDate "2013.06.25"]
[SourceQuality "1"]

1. d4 Nf6 2. c4 c6 3. Nf3 d5 4. Nc3 dxc4 5. a4 Bg4 6. e3 e5 7. Be2 exd4 8. Nxd4 Bxe2 9. Qxe2 Be7 10. Qxc4 0-0 11. 0-0 Nbd7 12. Rd1 Ne5 13. Qe2 Qc7 14. e4 Ng6 15. Be3 Rfe8 16. Nf5 Bf8 17. f3 Nf4 18. Qf2 Ne6 19. Bxa7 Rxa7 0-1

[Event "Loire-ch Top20 1112"]
[Site "Loire"]
[Date "2012.05.26"]
[Round "7.2"]
[White "Jan, Christophe"]
[Black "Muller, Anthony"]
[Result "0-1"]
[WhiteElo "1880"]
[BlackElo "2031"]
[PlyCount "122"]
[EventDate "2011.10.08"]
[EventType "tourn"]
[EventRounds "7"]
[EventCountry "FRA"]
[SourceTitle "EXT 2014"]
[Source "ChessBase"]
[SourceDate "2013.11.20"]
[SourceVersion "1"]
[SourceVersionDate "2013.11.20"]
[SourceQuality "1"]

1. e4 e6 2. c4 d5 3. cxd5 exd5 4. Nf3 dxe4 5. Qa4+ c6 6. Qxe4+ Be7 7. Nc3 Nf6 8. Qc2 0-0 9. Be2 Bg4 10. 0-0 Re8 11. Rd1 Qa5 12. d3 Na6 13. Be3 Nb4 14. Qa4 Qc7 15. Rd2 Bd6 16. h3 Bf5 17. Nd4 Bg6 18. Rc1 a6 19. Qb3 Rad8 20. Nf3 Nbd5 21. Bg5 Rd7 22. Re1 h6 23. Bxf6 Nxf6 24. Bf1 Rxe1 25. Nxe1 Bh2+ 26. Kh1 Bf4 27. Rd1 Nd5 28. Be2 Qe5 29. Nxd5 Rxd5 30. Bf1 Rb5 31. d4 Rxb3 32. dxe5 Rxb2 33. Nd3 Bxd3 34. Bxd3 Rxf2 35. Rf1 Rxf1+ 36. Bxf1 Bxe5 37. g4 Kf8 38. Kg2 Ke7 39. Kf3 Kd6 40. Bc4 f6 41. Ke4 b5 42. Bb3 c5 43. Bf7 c4 44. Ke3 Kc5 45. Kd2 a5 46. h4 a4 47. Kc2 b4 48. Bg8 b3+ 49. Kb1 Kb4 50. Bf7 c3 51. Bg6 Bf4 52. axb3 axb3 53. Bf5 Kc5 54. Bg6 Kd4 55. Bf5 Ke3 56. Bg6 Kd2 57. Bf5 c2+ 58. Bxc2 bxc2+ 59. Ka2 c1Q 60. h5 Kc3 61. g5 Qb2# 0-1

[Event "Loire-ch Top20 1112"]
[Site "Loire"]
[Date "2012.01.07"]
[Round "4.1"]
[White "Muller, Anthony"]
[Black "Licata, Luc"]
[Result "0-1"]
[WhiteElo "1984"]
[BlackElo "1960"]
[PlyCount "128"]
[EventDate "2011.10.08"]
[EventType "tourn"]
[EventRounds "7"]
[EventCountry "FRA"]
[SourceTitle "EXT 2014"]
[Source "ChessBase"]
[SourceDate "2013.11.20"]
[SourceVersion "1"]
[SourceVersionDate "2013.11.20"]
[SourceQuality "1"]

1. d4 d5 2. c4 c6 3. Nf3 Nf6 4. Nc3 dxc4 5. a4 Bf5 6. e3 e6 7. Bxc4 Bb4 8. Qb3 a5 9. 0-0 Na6 10. Bd2 0-0 11. Rfe1 Qc7 12. Nh4 Ne4 13. Nxe4 Bxe4 14. Re2 Bxd2 15. Rxd2 Qe7 16. Nf3 Bxf3 17. gxf3 Nb4 18. Rad1 Qf6 19. e4 b5 20. Bf1 bxa4 21. Qxa4 Qxf3 22. Bg2 Qh5 23. Rc1 Qh6 24. Qd1 Rab8 25. Rc3 Rfd8 26. e5 Rb5 27. Rh3 Qf4 28. Rf3 Qg4 29. h3 Qh5 30. Qe2 Rbd5 31. Qe3 c5 32. Rf4 R5d7 33. Rg4 a4 34. Qa3 Qh6 35. Rd1 f6 36. exf6 Qxf6 37. Qxa4 Qe7 38. Qb3 Rxd4 39. Re1 R4d6 40. Qg3 Nd3 41. Rd1 Nf4 42. Re1 Rd1 43. Qe3 Rxe1+ 44. Qxe1 Qf6 45. Qe3 Rd4 46. Kh2 h5 47. Rg3 Qf5 48. Bf1 h4 49. Rg4 Nd5 50. Qe2 Nf6 51. Rxd4 cxd4 52. b4 Ne4 53. Bg2 Nxf2 54. b5 Nd3 55. Qe4 Qxe4 56. Bxe4 Nc5 57. b6 Nd7 58. b7 Kf8 59. Kg2 Ke7 60. Bc6 Nb8 61. Bf3 Kd6 62. Kf2 Kc7 63. Ke2 Nd7 64. Kd3 Ne5+ 0-1

[Event "FRA-ch U18"]
[Site "Montlucon"]
[Date "2011.04.21"]
[Round "6"]
[White "Muller, Anthony"]
[Black "Naudion, Gregoire"]
[Result "1/2-1/2"]
[WhiteElo "1882"]
[BlackElo "2053"]
[PlyCount "133"]
[EventDate "2011.04.17"]
[EventType "swiss"]
[EventRounds "9"]
[EventCountry "FRA"]
[SourceTitle "CBM 142 Extra"]
[Source "ChessBase"]
[SourceDate "2011.06.27"]
[SourceVersion "1"]
[SourceVersionDate "2011.06.27"]
[SourceQuality "1"]

1. d4 g6 2. Nf3 Bg7 3. Bf4 Nf6 4. e3 d6 5. h3 0-0 6. Be2 Nbd7 7. 0-0 Re8 8. c3 c6 9. a4 a5 10. Na3 Nd5 11. Bh2 e5 12. Nc4 Qc7 13. dxe5 dxe5 14. e4 Nf4 15. Bxf4 exf4 16. Nd6 Re6 17. Nxc8 Rxc8 18. Bc4 Re7 19. Qc2 h6 20. Nd4 Rce8 21. f3 Qb6 22. Rad1 Ne5 23. Ba2 Rd8 24. Rd2 c5 25. Nb5 Rxd2 26. Qxd2 c4+ 27. Qf2 Qd8 28. Qc5 b6 29. Qf2 Rd7 30. Nd4 Nd3 31. Qc2 Bxd4+ 32. cxd4 Rxd4 33. Bxc4 Nb4 34. Qb3 Qc7 35. Rc1 Rd3 36. Bxd3 Qxc1+ 37. Kh2 Qe3 38. Bc4 Qxb3 39. Bxb3 Nd3 40. g3 g5 41. h4 Kg7 42. hxg5 hxg5 43. gxf4 gxf4 44. Kh3 Kf6 45. Kg4 Ke5 46. Bxf7 Nxb2 47. Be8 Nd1 48. Bb5 Nc3 49. Be8 Ne2 50. Bb5 Nd4 51. Bd7 Nb3 52. Bb5 Nc5 53. Be8 Ne6 54. Bd7 Nc7 55. Bc6 Na6 56. Bb5 Nc7 57. Bc6 Ne6 58. Bd7 Nd4 59. Be8 Nc2 60. Bd7 Ne3+ 61. Kg5 Nf1 62. Bb5 Ne3 63. Bd7 Nc2 64. Kg4 Nd4 65. Be8 Nb3 66. Bb5 Nd2 67. Ba6 1/2-1/2